Towards the Second Freedom: (Record no. 182558)

MARC details
000 -LEADER
fixed length control field 00607nam a22001937a 4500
005 - DATE AND TIME OF LATEST TRANSACTION
control field 20220216162617.0
010 ## - LCCN (DPL NO)
LC control number ENG-130117
020 ## - INTERNATIONAL STANDARD BOOK NUMBER
International Standard Book Number 9788179665084
Terms of availability 490.00
035 ## - SYSTEM CONTROL NUMBER
System control number EN-113649
037 ## - SOURCE OF ACQUISITION
Source of stock number/acquisition DBAD/PUB
082 ## - DEWEY DECIMAL CLASSIFICATION NUMBER
Classification number 333.9100954
100 ## - MAIN ENTRY--PERSONAL NAME
Personal name Kamaraj, A. C.
245 ## - TITLE STATEMENT
Title Towards the Second Freedom:
Statement of responsibility, etc A. C. Kamaraj
250 ## - EDITION STATEMENT
Edition statement 2019
260 ## - PUBLICATION, DISTRIBUTION, ETC. (IMPRINT)
Name of publisher, distributor, etc Emerald Publishers
Date of publication, distribution, etc 2019
Place of publication, distribution, etc Chennai
270 ## - ADDRESS
Address 15A, First Floor, Casa Major Road Egmore
City Chennai
Postal code 600008
Telephone number +91 44 28193206
Electronic mail address info@emeraldpublishers.com
300 ## - PHYSICAL DESCRIPTION
Extent 458p.
Dimensions 22cm (pbk)
942 ## - ADDED ENTRY ELEMENTS (KOHA)
Source of classification or shelving scheme Dewey Decimal Classification
Item type English Books
Classification part 333.9100954
Call number suffix KAM
Holdings
Withdrawn status Lost status Not for loan Collection code Home library Current library Date acquired Source of acquisition Cost, normal purchase price Full call number Barcode Copy number Cost, replacement price Koha item type
      Non-fiction Ashok Vihar Ashok Vihar 22/11/2021 DBAD/PUB 490.00 333.9100954 KAM EN-113649 1 490.00 English Books

© Delhi Public Library
Hit Counter
free hit counter